Statistics for 1801-えちぜん鉄道の駅

Click here to take the quiz!

General Stats

  • This quiz has been taken 20 times
  • The average score is 27 of 46

Answer Stats

本線% Correct
福井
100%
永平寺口
100%
勝山
100%
田原町
92%
新福井
92%
福井口
92%
福井口
92%
あわら湯のまち
85%
三国港
85%
福大前西福井
77%
三国
77%
鷲塚針原
77%
志比堺
69%
まつもと町屋
62%
下志比
62%
太郎丸エンゼルランド
62%
比島
62%
下兵庫こうふく
54%
西長田ゆりの里
54%
西春江ハートピア
54%
新田塚
54%
西別院
54%
松岡
54%
越前開発
54%
越前竹原
54%
仁愛グランド前
46%
三国神社
46%
番田
46%
46%
越前野中
46%
越前新保
46%
山王
46%
中角
46%
八ツ島
46%
日華化学前
46%
保田
46%
越前島橋
46%
発坂
46%
東藤島
46%
小舟渡
38%
光明寺
38%
大関
38%
本荘
38%
観音町
38%
水居
38%
追分口
38%

Score Distribution

Percentile by Number Answered

Percent of People with Each Score

Your Score History

You have not taken this quiz